000
00237nam a22000857a 4500
008
170607b xxu||||| |||| 00| 0 eng d
100
_9
3304
_a
Bulani. R
245
_a
Our Body: A wonderful Machine
260
_a
New delhi
_b
National Book Trust
_c
2004
999
_c
6622
_d
6622